000 00486nam a2200181Ia 4500
005 20250326125408.0
008 250326s9999 xx 000 0 und d
037 _aTextbook
040 _aFMSL
_beng
_cFMSL
041 _aeng
_2eng
084 _aX9W L7
_qFMSL
100 _aGortner H F
_9121304
245 0 _aAdministration in the public sector
_cGortner H F
260 _aNY
_bNY, John Wiley
_c1977
300 _a343p
942 _cTB
_hX9W L7
999 _c1277867
_d1277867